[Event "XXVII OOM - Mistrzostwa Polski Juniorow Mlodszych - Chlopcy do lat 14"]
[Site "ApartHotel Termy Uniejow, ul. Termalna 1, 99-210 Uniejow"]
[Date "1899-12-30"]
[Round "7.5"]
[White "Pancewicz, Szymon"]
[Black "Demski, Michal"]
[Result "0-1"]
[WhiteTitle "I+"]
[BlackTitle "I+"]
[WhiteElo "1872"]
[BlackElo "1768"]

1. e4 e5 2. Nf3 Nf6 3. Nxe5 d6 4. Nf3 Nxe4 5. Nc3 Nxc3 6. dxc3 Be7 7. Be3 Nc6 8.
Qd2 Be6 9. Nd4 Nxd4 10. cxd4 d5 11. Bd3 Qd7 12. O-O-O O-O-O 13. f4 Bf5 14. Bxf5
Qxf5 15. Qd3 Qxd3 16. Rxd3 Rhe8 17. Re1 Bd6 18. g3 Re4 19. Bd2 f5 20. Kd1 Be7
21. h3 Rg8 22. c3 Bd6 23. Rf3 g6 24. g4 Rf8 25. g5 Rxe1+ 26. Kxe1 Re8+ 27. Kd1
Re4 28. Kc2 Re2 29. Kd3 Rh2 30. b4 b5 31. Kc2 Kb7 32. a3 Kb6 33. Kc1 Bf8 34. Re3
a6 35. Kc2 Rf2 36. Kd3 Bd6 37. Re8 Bxf4 38. Bxf4 Rxf4 39. Re6+ Kb7 40. Re3 Re4
41. Kd2 Kc6 42. Kd3 Kd6 43. Re2 Kd7 44. Re3 Ke6 45. h4 Kd7 46. Rh3 Rg4 47. Ke3
Ke6 48. Kf3 Rg1 49. Kf4 Rf1+ 50. Rf3 Rh1 51. Re3+ Kd6 52. Kg3 Kd7 53. Re5 c6 54.
Re3 Ra1 55. Kf4 Rxa3 56. Ke5 Ke7 57. h5 Ra2 58. hxg6 hxg6 59. Rg3 Re2+ 60. Kf4
Re4+ 61. Kf3 Ke6 62. Rg2 Rh4 63. Re2+ Kf7 64. Rc2 Rg4 65. Ra2 Ke6 66. Rxa6 Kd6
67. Ra8 Rxg5 68. Rd8+ Ke7 69. Rc8 Kd7 70. Rf8 Rg1 71. Rf7+ Kd6 72. Rf6+ Kc7 73.
Rf7+ Kb6 74. Ke3 Rg3+ 75. Kd2 Rg4 76. Ke3 Re4+ 77. Kd3 f4 78. Rg7 Re3+ 79. Kd2
Rg3 80. Rf7 g5 81. Rf5 f3 82. Ke3 f2+ 83. Kd2 Rg2 84. Ke2 f1=Q+ 85. Kxf1 Rg3 86.
Ke2 Rxc3 87. Rxg5 Rb3 88. Rg8 Rxb4 89. Kd3 Rc4 90. Rb8+ Ka5 91. Ra8+ Kb4 92. Ra6
Kb3 93. Rb6 b4 94. Ra6 Kb2 95. Rb6 b3 96. Rb8 Ka2 97. Ra8+ Kb1 98. Kd2 b2 99.
Ra6 Rxd4+ 100. Kc3 c5 101. Ra5 Kc1 102. Rxc5 Rc4+ 0-1

[Event "XXVII OOM - Mistrzostwa Polski Juniorow Mlodszych - Chlopcy do lat 14"]
[Site "ApartHotel Termy Uniejow, ul. Termalna 1, 99-210 Uniejow"]
[Date "1899-12-30"]
[Round "7.6"]
[White "Maj, Samuel"]
[Black "Madej, Marek"]
[Result "0-1"]
[WhiteTitle "I"]
[BlackTitle "I"]
[WhiteElo "1670"]
[BlackElo "1786"]

1. d4 Nf6 2. c4 c5 3. d5 d6 4. Nc3 g6 5. e4 Bg7 6. h3 O-O 7. Nf3 e6 8. Bd3 Na6
9. O-O Nc7 10. Bf4 e5 11. Bg5 h6 12. Be3 Nh5 13. Qd2 Kh7 14. g4 Qf6 15. Kg2 Nf4+
16. Bxf4 Qxf4 17. Qxf4 exf4 18. Rab1 Bd7 19. Ne2 Be5 20. b4 Na6 21. Nxe5 dxe5
22. a3 Kg7 23. Nc3 Rfc8 24. Rfc1 Kf6 25. b5 Nc7 26. f3 Ne8 27. Rb2 Nd6 28. Nb1
h5 29. Nd2 Ke7 30. Nb3 b6 31. Nd2 Rg8 32. a4 a6 33. Bc2 Rh8 34. Rcb1 a5 35. Rh1
f5 36. gxf5 gxf5 37. Kf2 Rag8 38. Rbb1 fxe4 39. Bxe4 h4 40. Rbg1 Rg3 41. Nf1 Rxg1
42. Rxg1 Bxh3 43. Bd3 Bf5 44. Bxf5 Nxf5 45. Rg6 Rh6 46. Rxh6 Nxh6 47. Kg2 Nf5
48. Kh3 Ne3 49. Nd2 Nd1 50. Kxh4 Nb2 51. Kg5 Nxa4 52. Kf5 Nb2 53. Kxe5 a4 54.
Kxf4 a3 55. Nb3 Nxc4 56. Ke4 Nd6+ 57. Ke3 Nxb5 58. Kd3 Nd4 59. Na1 Kd6 60. Kc3
b5 61. Kd2 Kxd5 62. Kc1 b4 63. Kb1 c4 64. Ka2 c3 65. Kb1 b3 66. Nxb3 Nxb3 67.
f4 c2+ 68. Kxc2 a2 0-1

[Event "XXVII OOM - Mistrzostwa Polski Juniorow Mlodszych - Chlopcy do lat 14"]
[Site "ApartHotel Termy Uniejow, ul. Termalna 1, 99-210 Uniejow"]
[Date "1899-12-30"]
[Round "7.7"]
[White "Meers, Hubert"]
[Black "Duda, Szymon"]
[Result "0-1"]
[WhiteTitle "k"]
[BlackTitle "I"]
[WhiteElo "2037"]
[BlackElo "1413"]

1. e4 c5 2. Nf3 e6 3. d4 cxd4 4. Nxd4 a6 5. Bd3 Bc5 6. Nb3 Ba7 7. Nc3 Qc7 8. Qg4
g6 9. O-O d6 10. Qg3 Nd7 11. Kh1 h5 12. f4 h4 13. Qh3 Nc5 14. Nxc5 Qxc5 15. f5
e5 16. Qf3 gxf5 17. exf5 Bd7 18. Be4 Nf6 19. Bg5 Nxe4 20. Nxe4 Bc6 21. Bf6 Rg8
22. Nxc5 Bxf3 23. Rxf3 Bxc5 24. Bxh4 Kd7 25. Rd1 Rg4 26. Bg3 Rag8 27. b4 Rd4 28.
Rxd4 Bxd4 29. c3 Bb6 30. Bf2 Bxf2 31. Rxf2 Rc8 32. Rf3 d5 33. Kg1 Kd6 34. Kf2
e4 35. Rh3 Ke5 36. g4 Kf4 37. Rg3 d4 38. cxd4 Rc2+ 39. Kg1 e3 40. Kf1 Rxh2 41.
Rg1 Rxa2 42. d5 Kf3 0-1

[Event "XXVII OOM - Mistrzostwa Polski Juniorow Mlodszych - Chlopcy do lat 14"]
[Site "ApartHotel Termy Uniejow, ul. Termalna 1, 99-210 Uniejow"]
[Date "1899-12-30"]
[Round "7.8"]
[White "Kutowski, Marcel"]
[Black "Krawczyk, Flawian"]
[Result "1-0"]
[WhiteTitle "I"]
[BlackTitle "I++"]
[WhiteElo "1712"]
[BlackElo "1984"]

1. e4 c5 2. Nf3 Nc6 3. d4 cxd4 4. Nxd4 e5 5. Nb5 d6 6. N1c3 a6 7. Na3 b5 8. Nd5
Nge7 9. c4 Nxd5 10. exd5 Nd4 11. cxb5 g6 12. Be3 Bg7 13. Bd3 O-O 14. O-O Qh4 15.
g3 Qf6 16. Bxd4 exd4 17. bxa6 Qg5 18. Qf3 Bg4 19. Qf4 Qh5 20. f3 Bd7 21. Qh4 Qxd5
22. Be4 Qc5 23. Rac1 Qb6 24. Nc4 Qxa6 25. Bxa8 Rxa8 26. Rfe1 Be6 27. Rxe6 fxe6
28. Qe7 Qc8 29. Qxd6 Rxa2 30. b3 Ra6 31. Qf4 Rc6 32. Ra1 d3 33. Rd1 Qd7 34. Qe4
Rc5 35. Rxd3 Rd5 36. Nb6 Rxd3 37. Nxd7 Rxd7 38. Qxe6+ Rf7 39. b4 Bd4+ 40. Kg2
Kg7 41. b5 Ba7 42. b6 Bb8 43. Qc8 Rf8 44. b7 Kg8 45. h4 Kg7 46. g4 Kg8 47. h5
Bf4 48. Qc4+ 1-0

[Event "XXVII OOM - Mistrzostwa Polski Juniorow Mlodszych - Chlopcy do lat 14"]
[Site "ApartHotel Termy Uniejow, ul. Termalna 1, 99-210 Uniejow"]
[Date "1899-12-30"]
[Round "7.9"]
[White "Stanislawski, Karol"]
[Black "Musial, Igor"]
[Result "1/2-1/2"]
[WhiteTitle "I"]
[BlackTitle "I"]
[WhiteElo "1621"]
[BlackElo "1903"]

1. d4 Nf6 2. c4 g6 3. Nc3 Bg7 4. e4 d6 5. Nf3 O-O 6. Be2 e5 7. d5 a5 8. Bg5 h6
9. Bh4 Na6 10. Nd2 Qe8 11. O-O Nh7 12. a3 Bd7 13. b3 f5 14. exf5 Bxf5 15. Nde4
g5 16. Bg3 Nc5 17. f3 Nf6 18. Bd3 Nxd3 19. Qxd3 Qg6 20. Rae1 Rf7 21. b4 b6 22.
Bf2 g4 23. fxg4 Nxg4 24. c5 axb4 25. axb4 bxc5 26. bxc5 Ra3 27. Qc4 Rxc3 28. Nxc3
Bd3 29. Qb4 Bxf1 30. Rxf1 Qg5 31. Nd1 Nxf2 32. Nxf2 Qe3 33. cxd6 cxd6 34. Qxd6
Qa7 35. Qe6 Kh7 36. Qg4 Rf4 37. Qg3 Rd4 38. Qf3 1/2-1/2

[Event "XXVII OOM - Mistrzostwa Polski Juniorow Mlodszych - Chlopcy do lat 14"]
[Site "ApartHotel Termy Uniejow, ul. Termalna 1, 99-210 Uniejow"]
[Date "1899-12-30"]
[Round "7.11"]
[White "Kejna, Piotr"]
[Black "Paszkowski, Krystian"]
[Result "0-1"]
[WhiteTitle "CM"]
[BlackTitle "I+"]
[WhiteElo "1682"]
[BlackElo "1782"]

1. e4 c5 2. Nf3 Nc6 3. d4 cxd4 4. Nxd4 e5 5. Nb5 d6 6. N1c3 a6 7. Na3 Be6 8. Nc4
Rb8 9. Ne3 Nf6 10. g3 g6 11. Bg2 Bh6 12. Ned5 Bxc1 13. Nxf6+ Qxf6 14. Rxc1 Nd4
15. O-O b5 16. b3 Rc8 17. Ne2 Nf3+ 18. Kh1 h5 19. Ng1 Nxg1 20. Kxg1 Qe7 21. f4
Qa7+ 22. Kh1 Qc5 23. h4 Bg4 24. Qd2 Qd4 25. Qa5 Rc6 26. c3 Qe3 27. fxe5 Qxg3 28.
exd6 Rxd6 29. c4 Qxh4+ 30. Kg1 Qd8 31. Qc3 O-O 32. c5 Rd3 33. Qe1 Bh3 34. Rf3
Qg5 35. Rxh3 Rxh3 36. c6 Rg3 37. Rc2 h4 38. Kh2 Qe5 39. Qc1 Rc8 0-1

[Event "XXVII OOM - Mistrzostwa Polski Juniorow Mlodszych - Chlopcy do lat 14"]
[Site "ApartHotel Termy Uniejow, ul. Termalna 1, 99-210 Uniejow"]
[Date "1899-12-30"]
[Round "7.12"]
[White "Grot, Blazej"]
[Black "Grzebieniowski, Michal"]
[Result "1-0"]
[WhiteTitle "CM"]
[BlackTitle "I"]
[WhiteElo "1786"]
[BlackElo "1663"]

1. e4 c6 2. d4 d5 3. Nd2 dxe4 4. Nxe4 Bf5 5. Ng3 Bg6 6. c3 Nd7 7. N1e2 h6 8. Nf4
Bh7 9. Bc4 e6 10. Qf3 Ngf6 11. Ngh5 Nxh5 12. Nxh5 Nf6 13. O-O Nxh5 14. Qxh5 Bg6
15. Qe2 Be7 16. Re1 O-O 17. Bf4 Kh7 18. Rad1 Bg5 19. Be5 Bf6 20. Bd3 Bxd3 21.
Qxd3+ Kg8 22. Bxf6 Qxf6 23. Re5 Rfd8 24. Qe3 Rac8 25. Rf1 a6 26. f4 Rd5 27. f5
exf5 28. Rfxf5 Rxe5 29. Qxe5 Qxe5 30. Rxe5 Rc7 31. Re8+ Kh7 32. Kf2 Kg6 33. Kf3
Kf6 34. Kf4 Rd7 35. g4 Rc7 36. h4 Kg6 37. a4 Rd7 38. a5 Kf6 39. b4 Kg6 40. Ke5
Rd5+ 41. Kf4 Rd7 42. Ke5 Rd5+ 43. Ke4 Rd7 44. c4 Kf6 45. d5 cxd5+ 46. cxd5 Re7+
47. Rxe7 Kxe7 48. Ke5 Kd7 49. d6 Kc6 50. h5 Kd7 51. Kd5 g6 52. g5 1-0

[Event "XXVII OOM - Mistrzostwa Polski Juniorow Mlodszych - Chlopcy do lat 14"]
[Site "ApartHotel Termy Uniejow, ul. Termalna 1, 99-210 Uniejow"]
[Date "1899-12-30"]
[Round "7.13"]
[White "Kazmierowski, Tymon"]
[Black "Wieckowski, Michal"]
[Result "1/2-1/2"]
[WhiteTitle "I+"]
[BlackTitle "I"]
[WhiteElo "1782"]
[BlackElo "1614"]

1. Nf3 f5 2. d3 g6 3. e4 d6 4. exf5 Bxf5 5. d4 Bg7 6. Bd3 Qd7 7. O-O Bxd3 8. Qxd3
Nc6 9. Be3 Nf6 10. c4 O-O 11. Nbd2 Ng4 12. h3 Nxe3 13. fxe3 Rae8 14. e4 Rf4 15.
Nb3 Ref8 16. Qe2 e5 17. d5 Nd8 18. c5 Qa4 19. cxd6 cxd6 20. Nfd2 b5 21. a3 Nb7
22. Rac1 Rxf1+ 23. Rxf1 Na5 24. Rxf8+ Bxf8 25. Nxa5 Qxa5 26. Nf3 Be7 27. Qc2 Qb6+
28. Kh1 Qe3 29. Qc8+ Kg7 30. Qc7 Kf8 31. Qb8+ Kf7 32. Qxb5 Qxe4 33. Qb7 Qe3 1/2-1/2

[Event "XXVII OOM - Mistrzostwa Polski Juniorow Mlodszych - Chlopcy do lat 14"]
[Site "ApartHotel Termy Uniejow, ul. Termalna 1, 99-210 Uniejow"]
[Date "1899-12-30"]
[Round "7.14"]
[White "Malinowski, Szymon"]
[Black "Nowak, Filip"]
[Result "0-1"]
[WhiteTitle "I"]
[BlackTitle "I"]
[WhiteElo "1662"]
[BlackElo "1745"]

1. d4 d5 2. Nf3 Nf6 3. Bf4 c5 4. e3 Nc6 5. c3 Qb6 6. Qc1 Bf5 7. Nbd2 cxd4 8. exd4
Rc8 9. Be2 e6 10. O-O Be7 11. a3 O-O 12. Be5 Nd7 13. c4 Ndxe5 14. dxe5 Nd4 15.
Nxd4 Qxd4 16. Qc3 Qxc3 17. bxc3 Rfd8 18. Rfd1 h6 19. h3 Bg5 20. Nf3 dxc4 21. Rxd8+
Rxd8 22. Bxc4 Rc8 23. Bb5 Rxc3 24. a4 Be7 25. Rd1 a6 26. Be2 Bc5 27. Rd8+ Bf8
28. Rb8 Be4 29. Nd4 g6 30. Bg4 Bd5 31. Bf3 Bxf3 32. Nxf3 Ra3 33. Rxb7 Rxa4 34.
Rb8 Kg7 35. Nd2 Rd4 36. Nf3 Rd5 37. Ra8 a5 38. Ra6 Bb4 39. Kf1 Bc3 0-1

[Event "XXVII OOM - Mistrzostwa Polski Juniorow Mlodszych - Chlopcy do lat 14"]
[Site "ApartHotel Termy Uniejow, ul. Termalna 1, 99-210 Uniejow"]
[Date "1899-12-30"]
[Round "7.15"]
[White "Wydmanski, Szymon"]
[Black "Krasniewski, Maciej"]
[Result "1-0"]
[WhiteTitle "I"]
[BlackTitle "I"]
[WhiteElo "1697"]
[BlackElo "1572"]

1. e4 c5 2. Nf3 e6 3. d4 cxd4 4. Nxd4 Nc6 5. Nc3 a6 6. Nxc6 bxc6 7. Bd3 d5 8. O-O
Nf6 9. Qe2 Be7 10. b3 O-O 11. Kh1 Qc7 12. f4 Rd8 13. Bb2 a5 14. Rae1 d4 15. Nb1
e5 16. f5 Bb4 17. c3 dxc3 18. Nxc3 Rxd3 19. Qxd3 Ba6 20. Qc2 Bxf1 21. Rxf1 Bxc3
22. Bxc3 Rd8 23. Rd1 Rxd1+ 24. Qxd1 Nxe4 25. Bxe5 Qe7 26. Qd4 Nf2+ 27. Kg1 Ng4
28. Bg3 Ne3 29. f6 gxf6 30. Bf2 Nd5 31. Qg4+ Kf8 32. Qc8+ Qe8 33. Bc5+ Ne7 34.
Qc7 h6 35. h3 h5 36. h4 Kg7 37. Bxe7 a4 38. bxa4 Qa8 39. Qg3+ 1-0

[Event "XXVII OOM - Mistrzostwa Polski Juniorow Mlodszych - Chlopcy do lat 14"]
[Site "ApartHotel Termy Uniejow, ul. Termalna 1, 99-210 Uniejow"]
[Date "1899-12-30"]
[Round "7.16"]
[White "Klim, Filip"]
[Black "Turowski, Maciej"]
[Result "1-0"]
[WhiteTitle "I++"]
[BlackTitle "II"]
[WhiteElo "2062"]
[BlackElo "1447"]

1. e4 Nf6 2. e5 Nd5 3. d4 d6 4. Nf3 Nc6 5. c4 Nb6 6. e6 fxe6 7. Be3 g6 8. Nc3 Bg7
9. h4 e5 10. d5 Nb4 11. a3 Na6 12. h5 Bf5 13. Nh4 e6 14. Bxb6 axb6 15. g4 e4 16.
gxf5 Bxc3+ 17. bxc3 Qf6 18. Qd4 e5 19. Qxe4 Nc5 20. Qc2 g5 21. Ng2 Rg8 22. Ne3
g4 23. Be2 g3 24. Ng4 gxf2+ 25. Nxf2 Qg5 26. Ne4 Qg2 27. Nf2 e4 28. Rh3 Kd7 29.
Bf1 Nd3+ 30. Qxd3 Qg1 31. Qe3 Raf8 32. Rh1 Qg7 33. Bh3 Qe5 34. Ng4 Rxg4 35. Bxg4
Rg8 36. Rg1 Qh2 37. f6+ Kd8 38. f7 Rf8 39. Qg5# 1-0

[Event "XXVII OOM - Mistrzostwa Polski Juniorow Mlodszych - Chlopcy do lat 14"]
[Site "ApartHotel Termy Uniejow, ul. Termalna 1, 99-210 Uniejow"]
[Date "1899-12-30"]
[Round "7.17"]
[White "Trzebinski, Patryk"]
[Black "Borowik, Wojciech"]
[Result "1-0"]
[WhiteTitle "I+"]
[BlackTitle "I+"]
[WhiteElo "1609"]
[BlackElo "1736"]

1. e4 c5 2. Nf3 d6 3. c4 Nf6 4. Nc3 Nc6 5. Be2 g6 6. d4 cxd4 7. Nxd4 Nxd4 8. Qxd4
Bg7 9. Be3 O-O 10. Qd3 Be6 11. O-O Qa5 12. Rac1 Rfc8 13. b3 a6 14. a4 Qb4 15.
Qb1 Kf8 16. f4 Bg4 17. e5 Bf5 18. Bd3 Ng4 19. Nd5 Qa5 20. Bb6 Qd2 21. Bxf5 gxf5
22. Rcd1 Qe2 23. Rfe1 Qxe1+ 24. Rxe1 e6 25. Nc7 Rab8 26. h3 Nh6 27. exd6 Rd8 28.
Nxe6+ fxe6 29. Bxd8 Bd4+ 30. Kh2 Rxd8 31. Rxe6 Kg7 32. Qd3 1-0

[Event "XXVII OOM - Mistrzostwa Polski Juniorow Mlodszych - Chlopcy do lat 14"]
[Site "ApartHotel Termy Uniejow, ul. Termalna 1, 99-210 Uniejow"]
[Date "1899-12-30"]
[Round "7.18"]
[White "Kusiak, Mateusz"]
[Black "Pieczulis, Hubert"]
[Result "1-0"]
[WhiteTitle "I+"]
[BlackTitle "I"]
[WhiteElo "1634"]
[BlackElo "1445"]

1. e4 e5 2. Nf3 Nf6 3. Nxe5 d6 4. Nf3 Nxe4 5. d3 Nf6 6. g3 Be7 7. Bg2 O-O 8. O-O
c5 9. h3 Nc6 10. d4 d5 11. b3 Bf5 12. Bb2 Rc8 13. Nc3 cxd4 14. Nxd4 Nxd4 15. Qxd4
Bc5 16. Qf4 Bxc2 17. Rac1 Be4 18. Nxe4 Nxe4 19. Bxe4 dxe4 20. Qxe4 Qg5 21. Kg2
b6 22. h4 Qg6 23. Qf3 Rcd8 24. h5 Qd3 25. Qg4 Qd5+ 26. Kg1 g6 27. Bf6 Rde8 28.
Rcd1 Qe6 29. Qg5 Be7 30. Bxe7 Qxe7 31. Qg4 Rd8 32. h6 f5 33. Qc4+ Qf7 34. Qa4
Rfe8 35. Qc6 Rc8 36. Qd7 Rc7 37. Qa4 Rce7 38. Rd6 Qf8 39. Qf4 Re4 40. Qd2 Re2
41. Qd5+ Qf7 42. Qd4 R2e4 43. Qd3 Qf8 44. Rd7 R4e7 45. Qd5+ Qf7 46. Rxe7 Rxe7
47. Qd8+ Qf8 48. Qd2 Qe8 49. Rd1 Re2 50. Qd5+ Qf7 51. Qa8+ Re8 52. Rd8 Kf8 53.
Rxe8+ Qxe8 54. Qxa7 Qe1+ 55. Kg2 Qe4+ 56. Kh2 f4 57. Qb8+ Ke7 58. Qxf4 Qxf4 59.
gxf4 Kd6 60. Kg3 Kc5 61. Kg4 Kb4 62. Kg5 Ka3 63. Kf6 Kxa2 64. Kg7 Kxb3 65. Kxh7
Kc2 66. Kxg6 b5 67. h7 b4 68. h8=Q b3 69. f5 b2 70. Qxb2+ 1-0

[Event "XXVII OOM - Mistrzostwa Polski Juniorow Mlodszych - Chlopcy do lat 14"]
[Site "ApartHotel Termy Uniejow, ul. Termalna 1, 99-210 Uniejow"]
[Date "1899-12-30"]
[Round "7.19"]
[White "Jaworski, Tymon"]
[Black "Borowik, Karol"]
[Result "1-0"]
[WhiteTitle "I"]
[BlackTitle "II"]
[WhiteElo "1616"]
[BlackElo "1370"]

1. d4 Nf6 2. Nf3 g6 3. Bf4 Bg7 4. e3 O-O 5. Nbd2 d6 6. h3 c5 7. c3 cxd4 8. exd4
Nc6 9. Bc4 Nh5 10. Bh2 e5 11. dxe5 dxe5 12. O-O Nf4 13. Ne4 Qb6 14. Nd6 Be6 15.
Bxf4 exf4 16. Bxe6 fxe6 17. Qe2 Nd8 18. Rad1 Qc5 1-0

[Event "XXVII OOM - Mistrzostwa Polski Juniorow Mlodszych - Chlopcy do lat 14"]
[Site "ApartHotel Termy Uniejow, ul. Termalna 1, 99-210 Uniejow"]
[Date "1899-12-30"]
[Round "7.20"]
[White "Miler, Franciszek"]
[Black "Rylski, Tadeusz"]
[Result "0-1"]
[WhiteTitle "I"]
[BlackTitle "I"]
[WhiteElo "1517"]
[BlackElo "1644"]

1. e4 c6 2. d4 d5 3. exd5 cxd5 4. Nf3 Nc6 5. Bf4 Bg4 6. Be2 e6 7. O-O Bd6 8. Bxd6
Qxd6 9. Nbd2 Nf6 10. c4 O-O 11. cxd5 Nxd5 12. Nc4 Qf4 13. g3 Qf6 14. Nfe5 Bxe2
15. Qxe2 Rfd8 16. Nxc6 bxc6 17. Ne5 Ne7 18. Rfd1 Rab8 19. Rac1 Rd6 20. b3 Rbd8
21. Qc4 h6 22. Qa4 a6 23. Rc3 Nf5 24. Rcd3 Nxd4 25. Rxd4 Qxe5 26. Rxd6 Rxd6 27.
Rxd6 Qxd6 28. Qxa6 Qd1+ 29. Qf1 Qc2 30. Qa1 c5 31. a4 Qd3 32. a5 Qa6 33. Qa3 Qd6
34. a6 Qd1+ 35. Kg2 Qd5+ 36. f3 Qd2+ 37. Kh3 Qd3 38. Qxc5 Qf1+ 39. Kg4 Qxa6 40.
b4 f5+ 41. Kf4 Qe2 42. h4 Qd2+ 43. Ke5 Qe2+ 44. Kd6 Qxf3 45. b5 Qxg3+ 46. Kxe6
f4 47. b6 f3 48. b7 f2 49. Qc8+ Kh7 50. Qc4 Qh3+ 51. Ke5 f1=Q 52. Qxf1 Qxf1 53.
b8=Q Qe1+ 54. Kd5 Qxh4 55. Qb1+ Kg8 56. Qb8+ Kf7 57. Qb7+ Qe7 58. Qc8 g6 59. Qh8
Qe6+ 60. Kc5 Qe3+ 61. Kd5 h5 62. Qh7+ Kf6 63. Qh8+ Kg5 64. Qd8+ Kg4 65. Qd7+ Kh4
66. Qd8+ Qg5+ 0-1

[Event "XXVII OOM - Mistrzostwa Polski Juniorow Mlodszych - Chlopcy do lat 14"]
[Site "ApartHotel Termy Uniejow, ul. Termalna 1, 99-210 Uniejow"]
[Date "1899-12-30"]
[Round "7.21"]
[White "Kubik, Rafal"]
[Black "Partyka, Wiktor"]
[Result "0-1"]
[WhiteTitle "I"]
[BlackTitle "II"]
[WhiteElo "1738"]
[BlackElo "1254"]

1. e4 e6 2. d4 d5 3. Nc3 Nf6 4. Bg5 Be7 5. e5 Nfd7 6. h4 h6 7. Bxe7 Qxe7 8. f4
a6 9. Nf3 b5 10. Qd2 Nb6 11. b3 N8d7 12. g4 Bb7 13. Bd3 c5 14. dxc5 Nxc5 15. Qe2
Rc8 16. O-O Nxd3 17. Qxd3 Qc5+ 0-1

[Event "XXVII OOM - Mistrzostwa Polski Juniorow Mlodszych - Chlopcy do lat 14"]
[Site "ApartHotel Termy Uniejow, ul. Termalna 1, 99-210 Uniejow"]
[Date "1899-12-30"]
[Round "7.22"]
[White "Zieba, Hubert"]
[Black "Nagly, Wojciech"]
[Result "1-0"]
[WhiteTitle "I"]
[BlackTitle "II"]
[WhiteElo "1417"]
[BlackElo "1514"]

1. c4 c5 2. Nc3 g6 3. Nf3 Bg7 4. d4 cxd4 5. Nxd4 Nc6 6. Nc2 Bxc3+ 7. bxc3 Qa5 8.
e4 Qxc3+ 9. Bd2 Qe5 10. Bd3 Nf6 11. f4 Qd6 12. Be3 Nb4 13. Nxb4 Qxb4+ 14. Qd2
Qxd2+ 15. Kxd2 Ng4 16. Bd4 f6 17. h3 Nh6 18. g4 Nf7 19. e5 fxe5 20. fxe5 e6 21.
h4 b6 22. a4 Bb7 23. Rhf1 Nh6 24. Rf4 Rf8 25. Raf1 Rxf4 26. Rxf4 Nf7 27. Rf6 Bc6
28. c5 Bxa4 29. cxb6 axb6 30. h5 Ke7 31. hxg6 hxg6 32. Bxg6 Nh8 33. Be4 Rb8 34.
g5 Bc6 35. Bc2 Nf7 36. g6 Ng5 37. Bc3 Be4 38. Bb4+ Kd8 39. Rf8+ Kc7 40. Bd6+ Kc6
41. Rxb8 Kd5 42. Bxe4+ Nxe4+ 43. Ke3 Ng3 44. Rxb6 Nf5+ 45. Kd3 Nd4 46. Rb7 Nf5
47. Rc7 Nxd6 48. exd6 Kxd6 49. Rc1 Ke7 50. Rc8 Kf6 51. g7 Kxg7 52. Rc7 Kf6 53.
Rxd7 Ke5 54. Ra7 Kf4 55. Kd4 e5+ 56. Kd5 e4 57. Rf7+ Ke3 58. Re7 Kd3 59. Rxe4
Kd2 60. Kd4 Kc2 61. Kc4 Kd2 62. Re5 Kc2 63. Re2+ Kd1 64. Rh2 Ke1 65. Kd3 Kf1 66.
Ke3 Kg1 67. Ra2 Kf1 68. Rb2 Kg1 69. Kf3 Kh1 70. Kg3 Kg1 71. Rb1# 1-0

[Event "XXVII OOM - Mistrzostwa Polski Juniorow Mlodszych - Chlopcy do lat 14"]
[Site "ApartHotel Termy Uniejow, ul. Termalna 1, 99-210 Uniejow"]
[Date "1899-12-30"]
[Round "7.23"]
[White "Sniadecki, Oskar"]
[Black "Gbiorczyk, Mikolaj"]
[Result "1/2-1/2"]
[WhiteTitle "I"]
[BlackTitle "II"]
[WhiteElo "1488"]
[BlackElo "1467"]

1. d4 Nf6 2. Bg5 c5 3. Bxf6 gxf6 4. c3 Qb6 5. Qd2 d5 6. dxc5 Qxc5 7. e3 e5 8. Nf3
Be6 9. Be2 Nc6 10. a4 O-O-O 11. b4 Qe7 12. O-O Rg8 13. Kh1 f5 14. Bb5 e4 15. Nd4
Qg5 16. f4 exf3 17. Nxf3 Qh6 18. Bxc6 bxc6 19. Qe2 Kb7 20. Nbd2 Bd6 21. Nb3 Rg5
22. Nc5+ Kb8 23. Qa6 Bc8 24. Qxc6 Rh5 25. Qb5+ Ka8 26. Qc6+ Kb8 27. Qb5+ Ka8 28.
Qc6+ Kb8 29. Qb5+ Ka8 1/2-1/2

[Event "XXVII OOM - Mistrzostwa Polski Juniorow Mlodszych - Chlopcy do lat 14"]
[Site "ApartHotel Termy Uniejow, ul. Termalna 1, 99-210 Uniejow"]
[Date "1899-12-30"]
[Round "7.24"]
[White "Ugorek, Kacper"]
[Black "Leszcz, Mateusz"]
[Result "1-0"]
[WhiteTitle "I"]
[BlackTitle "II"]
[WhiteElo "1569"]
[BlackElo "1386"]

1. e4 e5 2. Nf3 Nc6 3. Bb5 f5 4. d3 fxe4 5. dxe4 Nf6 6. O-O d6 7. Re1 Be7 8. h3
h6 9. Nh4 Be6 10. Ng6 Rg8 11. Nc3 Bf7 12. Nxe7 Kxe7 13. Nd5+ Nxd5 14. exd5 Nd4
15. Qxd4 c6 16. dxc6 Qa5 17. Bf4 Rgd8 18. Bf1 Kf8 19. Bd2 Qc7 20. Qc3 bxc6 21.
f4 exf4 22. Bxf4 Rab8 23. b3 Qb6+ 24. Kh2 Rbc8 25. Qe3 Qb7 26. Bd3 Kg8 27. Qe4
g6 28. Bxh6 Rd7 29. Qg4 Kh7 30. Bg5 Be8 31. Qh5+ Kg8 32. Bxg6 Bxg6 33. Qxg6+ Rg7
34. Re8+ Rxe8 35. Qxe8+ Kh7 36. Qh5+ Kg8 37. Re1 Rxg5 38. Qxg5+ Kf7 39. Rf1+ Ke6
40. Rf6+ 1-0

[Event "XXVII OOM - Mistrzostwa Polski Juniorow Mlodszych - Chlopcy do lat 14"]
[Site "ApartHotel Termy Uniejow, ul. Termalna 1, 99-210 Uniejow"]
[Date "1899-12-30"]
[Round "7.25"]
[White "Jendrowiak, Maciej"]
[Black "Wasilewski, Stanislaw"]
[Result "1/2-1/2"]
[WhiteTitle "II+"]
[BlackTitle "II"]
[WhiteElo "1472"]
[BlackElo "1319"]

1. e4 c5 2. c3 Nf6 3. e5 Nd5 4. Nf3 Nc6 5. Bc4 e6 6. O-O d6 7. d4 cxd4 8. cxd4
Be7 9. Nbd2 O-O 10. Ne4 Qc7 11. exd6 Bxd6 12. Nxd6 Qxd6 13. Re1 Rd8 14. Ne5 Nb6
15. Bg5 f6 16. Bxf6 gxf6 17. Qg4+ Kf8 18. Nxc6 bxc6 19. Bxe6 Bxe6 20. Rxe6 Qxd4
21. Qxd4 Rxd4 22. Rxf6+ Kg8 23. Rxc6 Rad8 24. g3 Rd2 25. Rc7 a5 26. Rc5 Rxb2 27.
Rxa5 Rdd2 28. Rf5 Rxa2 29. Rxa2 Rxa2 30. Kg2 Nc4 31. Rf4 Ne3+ 32. Kf3 Nd1 33.
Kg2 Kg7 34. h4 h5 35. Kf1 1/2-1/2

[Event "XXVII OOM - Mistrzostwa Polski Juniorow Mlodszych - Chlopcy do lat 14"]
[Site "ApartHotel Termy Uniejow, ul. Termalna 1, 99-210 Uniejow"]
[Date "1899-12-30"]
[Round "7.26"]
[White "Garwacki, Kornel"]
[Black "Urban, Szymon"]
[Result "1-0"]
[WhiteTitle "I"]
[BlackTitle "II"]
[WhiteElo "1478"]
[BlackElo "1312"]

1. e4 e5 2. Nc3 Nf6 3. Bc4 Bc5 4. d3 h6 5. f4 d6 6. Nf3 Nc6 7. Na4 Bb6 8. Nxb6
cxb6 9. Qe2 Bg4 10. c3 Qd7 11. h3 Bxf3 12. Qxf3 O-O-O 13. O-O Kb8 14. Bb5 g6 15.
Bxc6 bxc6 16. fxe5 Ne8 17. exd6 Nxd6 18. Bf4 Qe6 19. b3 Rh7 20. Rad1 Kb7 21. Bxd6
Qxd6 22. d4 Re8 23. e5 Qe6 24. Qf6 Qxf6 25. Rxf6 Rg7 26. Rdf1 Re7 27. Kf2 Re6
28. Ke3 Rxf6 29. Rxf6 Kc7 30. c4 Rh7 31. d5 cxd5 32. cxd5 Rg7 33. Kd4 Kd7 34.
Kc4 Kc7 35. b4 Kb7 36. d6 Kc6 37. b5+ Kd7 38. Kd5 h5 39. Rf3 1-0

[Event "XXVII OOM - Mistrzostwa Polski Juniorow Mlodszych - Chlopcy do lat 14"]
[Site "ApartHotel Termy Uniejow, ul. Termalna 1, 99-210 Uniejow"]
[Date "1899-12-30"]
[Round "8.1"]
[White "Demski, Michal"]
[Black "Klimkowski, Jan"]
[Result "0-1"]
[WhiteTitle "I+"]
[BlackTitle "FM"]
[WhiteElo "1768"]
[BlackElo "2322"]

1. e4 c5 2. c3 g6 3. Nf3 Bg7 4. d4 cxd4 5. cxd4 Nf6 6. Nc3 O-O 7. Be2 d5 8. e5
Ne8 9. Be3 Nc7 10. Qd2 f6 11. Bh6 Nc6 12. exf6 exf6 13. Bxg7 Kxg7 14. O-O Be6
15. Ne1 Bf7 16. Nc2 f5 17. Bb5 Ne7 18. Rfe1 Nc8 19. Ba4 Nb6 20. Bb3 Qd6 21. Re5
Nd7 22. Re2 Nf6 23. f3 Rfe8 24. Rae1 Rxe2 25. Rxe2 Re8 26. Ne1 Ne6 27. Nc2 h6
28. Qe1 Rd8 29. Re5 Nc7 30. Qd2 Nd7 31. Re2 Nb6 32. Ne1 Nc4 33. Qd1 Ne6 34. Bxc4
dxc4 35. Nc2 Qb6 36. Na4 Nxd4 37. Nxb6 Nxf3+ 38. Kf2 Rxd1 39. Nc8 Nxh2 40. Nxa7
Ng4+ 41. Kf3 Rd3+ 42. Kf4 Kf6 0-1